00774nam a2200217 4500001001300000003000400013005001700017008004100034010001700075025002000092050002300112082001200135110002000147245021500167260005900382300003100441350000900472650004100481700001700522999001700539sa 68014506 DLC20260227112632.0700206r1963 ii 00010 eng  asa 68014506  aPL480:I-E-104370 aHJ4387.R3bA5 1963 a336.2/210aRanpur (Tahsil)1 aFinal report on the original survey and settlement operations of the Ranpur ex-state area in the district of Puri, 1943-1952,cby G. N. Singh, Deputy Collector and Assistant Settlement Officer Incharge, Ranpur.0 a[Berhampur, Ganjam,bReprinted at Sarada Press,c1963] a3, iv, 74, xlii p.c33 cm. a2.10 0aLand value taxationzRanpur (Tahsil)10aSingh, G. N. c85846d85846